000 00577nam a2200169 i 4500
001 76388
003 ES-MaACL
005 20230906172828.0
007 t|
008 041001s1971 sp ||||1| spa d
245 0 0 _aGuía de aplicación de herbicidas /
_crealizaron este trabajo, Esteban Artacho de Luna... [et al.].
260 _aMadrid :
_bCapacitación Agraria,
_c1971.
300 _aVIII, 172 p. ;
_c20 cm.
700 1 _aArtacho de Luna, Esteban.
_923412
710 2 _aEspaña.
_bDirección General de Capacitación Agraria.
_93712
852 _aES-MaACL
_jC-50104
_bR.76881
999 _c76388
_d76388